| 000 | 00917nam a22002177a 4500 | ||
|---|---|---|---|
| 003 | UA-OsUOA | ||
| 001 | 39943 | ||
| 007 | ta | ||
| 008 | 20080525b un ||||| |||| 00| 0 ukr d | ||
| 100 | _aУмінський В. Королевський Ф. | ||
| 090 | _a09-082 | ||
| 942 | _cBK | ||
| 040 |
_aUA-OsUOA _bukr _cUA-OsUOA _dUA-OsUOA |
||
| 245 |
_aЯк повстала наша земля і який буде її кінець.- Вінніпег, 1920 _bЗобків М. Боротьба о національний характер львівського університету; Марковыч Д. У наймы. На вовчому хутори. - Киев, 1904; Веселовський Яр. За вольности України. - Н.Й., 1915 |
||
| 955 | _a1 | ||
| 041 | _aukr | ||
| 080 | _a09-082 | ||
| 246 | 3 | 1 |
_a(Зшиті різні книги) _nКнига 7, 8,9 |
| 650 | 7 | _2UDC | |
| 999 |
_c438450 _d438450 |
||